مناهج الباحثين في الإقتصاد الإسلامي / (رقم التسجيلة. 3162)

تفاصيل مارك
000 -LEADER
fixed length control field 00514nam a22001577a 4500
005 - DATE AND TIME OF LATEST TRANSACTION
control field 20251108164100.0
008 - FIXED-LENGTH DATA ELEMENTS--GENERAL INFORMATION
fixed length control field 250721s1987 xx 000 0 ara d
082 14 - DEWEY DECIMAL CLASSIFICATION NUMBER
Classification number 216,92/جني
100 1# - MAIN ENTRY--PERSONAL NAME
Personal name الجنيدل، محمد بن عبد الرحمن
245 10 - TITLE STATEMENT
Title مناهج الباحثين في الإقتصاد الإسلامي /
264 ## - PRODUCTION, PUBLICATION, DISTRIBUTION, MANUFACTURE, AND COPYRIGHT NOTICE
Name of producer, publisher, distributor, manufacturer شركة العبيكان للطباعة والنشر،
Date of production, publication, distribution, manufacture, or copyright notice 1987.
300 ## - PHYSICAL DESCRIPTION
Extent 2مج
650 17 - SUBJECT ADDED ENTRY--TOPICAL TERM
Topical term or geographic name as entry element الإقتصاد الإسلامي
942 ## - ADDED ENTRY ELEMENTS (KOHA)
Source of classification or shelving scheme Dewey Decimal Classification
Koha item type كتب
المقتنيات
حالة السحب حالة الفقدان مصدر التصنيف حالة التلف غير قابل للإعارة المكتبة الرئيسية المكتبة الحالية موقع الرف تاريخ التزويد الرقم المتسلسل Total Checkouts رقم الإستدعاء تاريخ آخر ظهور تاريخ الفاتورة نوع المادة (كوها) الباركود
    Dewey Decimal Classification Unchecked   مكتبة الأميرة ايمان العامة مكتبة الأميرة ايمان العامة الإعارة 06/07/2004 مج2-3246   216,92/جني 28/07/2025 06/07/2004 كتب  
    Dewey Decimal Classification     مكتبة الأميرة ايمان العامة مكتبة الأميرة ايمان العامة الإعارة 13/11/2013 [3245]   216,92/جني 28/07/2025 13/11/2013 كتب PLD00286317
    Dewey Decimal Classification Unchecked   مكتبة صويلح العامة مكتبة صويلح العامة الإعارة 06/07/2004 مج1-9348   216,92/جني 28/07/2025 06/07/2004 كتب  
    Dewey Decimal Classification Unchecked   مكتبة صويلح العامة مكتبة صويلح العامة الإعارة 06/07/2004 مج2-9348   216,92/جني 28/07/2025 06/07/2004 كتب  
    Dewey Decimal Classification     مكتبة صويلح العامة مكتبة صويلح العامة الإعارة 09/11/2015 مج2-[9348   216,92/جني 28/07/2025 09/11/2015 كتب PLD00363227
    Dewey Decimal Classification     مكتبة صويلح العامة مكتبة صويلح العامة الإعارة 17/11/2015 مج1-[9347   216,92/جني 28/07/2025 17/11/2015 كتب PLD00365142
Implemented & Customized by: BBB with SCIT (Smart Chains for Information Technology)

Powered by Koha